| 000 | 00859nam a2200241 a 4500 | ||
|---|---|---|---|
| 001 | 46677 | ||
| 003 | BD-RjUL | ||
| 005 | 20211209054204.0 | ||
| 008 | 160803s1979 ii ||||| |||| 001 0 eng d | ||
| 035 | _a(BD-RjUL)46796 | ||
| 040 |
_aBD-RjUL _beng _cBD-RjUL |
||
| 041 | _aeng | ||
| 082 |
_a347.40954 _bGHI 1979 |
||
| 100 |
_aGhosh, K M _9141658 |
||
| 245 | 1 | 0 |
_aIndian company law : _bcontaining the Companies Act, 1956 with illuminating commentaries, exhaustive case notes (Indian and English) with rules, forms, tables, and important notifications etc. / _cK M Ghosh ; Revised by P.B. Mukharji ...[et.al] |
| 250 | _a12th ed. | ||
| 260 |
_aAllahabad : _bBharat Law House, _c1979 |
||
| 300 |
_axcviii, 2271 p. ; _c24 cm |
||
| 500 | _aIncludes index | ||
| 650 |
_aCorporation law _z India _9142201 |
||
| 700 |
_aMukharji , P.B. _9142306 |
||
| 942 |
_2ddc _cBK |
||
| 999 |
_c46677 _d46677 |
||